| Поле | Инд. | ПП | Название | Значение |
|---|---|---|---|---|
| Тип записи | a | |||
| Библиографический уровень | b | |||
| 001 | Контрольный номер | RU/IS/BASE/185987003 | ||
| 005 | Дата корректировки | 20220715140324.2 | ||
| 008 | Кодируемые данные | 20051122 | ||
| 084 | a | Индекс другой классификации/Индекс ББК | 60.561.51 | |
| a | Индекс другой классификации/Индекс ББК | 60.561.28 | ||
| 100 | 1_ | a | Автор | Вдовина М. В. |
| q | Полное имя | Вдовина Маргарита Владимировна | ||
| 245 | a | Заглавие | Социологическое исследование отказа детей от престарелых родителей | |
| 504 | a | Библиография | Библиогр. ссылки. - Примеч. | |
| 650 | a | Основная рубрика | социология | |
| a | Основная рубрика | социология семьи | ||
| a | Основная рубрика | экономическая социология | ||
| 653 | a | Ключевые слова | детско-родительские отношения | |
| a | Ключевые слова | отказ от родителей | ||
| a | Ключевые слова | престарелые люди | ||
| a | Ключевые слова | родители | ||
| a | Ключевые слова | семейные отношения | ||
| a | Ключевые слова | семья | ||
| 773 | t | Заглавие источника | Вестник Московского университета. Серия 18, Социология и политология | |
| d | Дата издания источника | 2005 | ||
| g | Прочая информация | № 3. - С. 136 - 150 : табл. | ||
| w | Контрольный № источника | RU/IS/BASE/184253657 | ||
| 901 | t | Тип документа | b |